000 00473nam a2200181Ia 4500
001 8462
005 20260306160611.0
008 260306t2016||||xx |||||||||||||| ||spa||
041 _aESP
082 _a371.1
_bB61
100 _aBlanchard, Mercedes
_eAUT
245 0 _aLos proyectos de aprendizaje:
_bun marco metodológico clave para la innovación
260 _c2016
300 _a203 páginas :
_c24 cm.
650 _aGEN
654 _aCED
942 _cLIB
_dJUS
_fJUS
_2ddc
_n
999 _c8462
_d8462